00628nam a2200169Ia 4500008004100000020001800041041000800059082001800067100001900085245009100104250000600195260006500201300001000266650002900276999001900305952013400324210716s2016 xx 000 0 und d a9789352134021 aeng a004.6005 MEYE aMeyer, Eric A. aPositioning in css: layout enhancements for the web.bLayout enhancements for the web. a1 aNew DelhibShroff Publishers and Distributors Pvt Ltdc2016 avi,40 aWeb Design & Development c195416d195416 001040708MCAaAIMITbAIMITeShroff Publishersg150.00l0o004.6005 MEYEpMCA14925r2025-07-21 00:00:00v112.50w2021-07-16yBK